000 00198nam a2200085 4500
001 1257423
005 20260213103247.0
245 _aIŞIN ÇAĞI ÇOCUKLAR
_cGÜLTEN DAYIOĞLU
260 _bALTIN KİTAPLAR
999 _c1257423
_d1257423